000 01004cam a2200313 i 4500
001 2497
003 BD-RjUL
005 20211208233550.0
008 131211s1980 nyu b 001 0 eng
020 _a0312766408 :
035 _a(BD-RjUL)2524
040 _aDLC
_cDLC
_dDLC
_dBD-RjUL
_beng
041 _aeng
082 0 0 _a331.8929
_219
_bMCS
100 1 _aMcCord, Norman.
_98081
245 1 0 _aStrikes /
_cNorman McCord.
260 _aNew York :
_bSt. Martin's Press,
_cc1980.
300 _a136 p. ;
_c23 cm.
490 1 _aComparative studies in social and economic history ;
_v2
500 _aIncludes index.
504 _aIncludes Bibliography: p. [129]-134 and index
650 0 _aStrikes and lockouts
_zGreat Britain
_xHistory.
_98082
650 0 _aStrikes and lockouts
_zUnited States
_xHistory.
_98083
830 0 _v2.
_98086
830 0 _aComparative studies in social and economic history (New York, N.Y.) ;
_98087
942 _2ddc
_cBK
999 _c2497
_d2497